[Event "Junior Online 4NCL Division 4"]
[Site "online"]
[Date "2021.04.15"]
[EventDate "2021.04.15"]
[Round "7.112"]
[White "Zhao, George"]
[WhiteElo "1363"]
[WhiteTeam "JHJ Shark Tank 5"]
[Black "Gold, Arthur"]
[BlackElo "1176"]
[BlackTeam "Barnet Knights E"]
[Result "1-0"]
[PlyCount "137"]

1. b3 Nc6 2. Bb2 Nf6 3. Nf3 e6 4. e3 d5 5. Bb5 Bd7 6. d3 Be7 7. Nbd2 O-O 8. O-O a6 9. Bxc6 Bxc6 10. Ne5 Bd6 11. Nxc6 bxc6 12. c4 dxc4 13. Nxc4 Nd5 14. Qg4 Nf6 15. Qe2 h6 16. Rac1 Qe7 17. Nxd6 cxd6 18. Rxc6 Rfc8 19. Rfc1 Rxc6 20. Rxc6 e5 21. Ba3 Ne8 22. Qc2 Qd7 23. h3 d5 24. Qc5 Nf6 25. Rc7 Qb5 26. Qe7 Qe8 27. Qxe8+ Rxe8 28. Rc6 Ra8 29. Be7 Nd7 30. Rd6 Nf6 31. Bxf6 gxf6 32. Rxf6 Kg7 33. Rd6 d4 34. exd4 exd4 35. Rxd4 Rc8 36. Rc4 Rd8 37. d4 Re8 38. Kf1 Rd8 39. f3 Rd5 40. Ke2 Ra5 41. Rc2 Rd5 42. Kd3 Rg5 43. f4 Rg3+ 44. Ke4 Kg6 45. f5+ Kf6 46. Kf4 Rd3 47. Rc6+ Ke7 48. Rxa6 Rxd4+ 49. Ke5 Rd2 50. Ra7+ Kf8 51. f6 Re2+ 52. Kd4 Kg8 53. g4 Rh2 54. b4 Rxh3 55. b5 Rh4 56. b6 Rxg4+ 57. Kc5 Rg5+ 58. Kc6 Rf5 59. b7 Rxf6+ 60. Kc7 Kg7 61. b8=Q Re6 62. Qb2+ Kg6 63. Qg2+ Kh7 64. Ra8 Rg6 65. Qf3 Rg7 66. Qf5+ Rg6 67. Rf8 h5 68. Qxh5+ Kg7 69. Qh8# 1-0

[Event "Junior Online 4NCL Division 4"]
[Site "online"]
[Date "2021.04.15"]
[EventDate "2021.04.15"]
[Round "7.113"]
[White "Vasudeva, Arya"]
[WhiteElo "1165"]
[WhiteTeam "Barnet Knights E"]
[Black "Chen, George"]
[BlackElo "1325"]
[BlackTeam "JHJ Shark Tank 5"]
[Result "0-1"]
[PlyCount "44"]

1. e4 e6 2. d4 d5 3. f3 dxe4 4. fxe4 Nf6 5. Nc3 Bb4 6. Bd3 Nc6 7. e5 Nd5 8. Bd2 Qh4+ 9. g3 Qxd4 10. Nxd5 Bxd2+ 11. Qxd2 Qxd5 12. b3 Qxh1 13. O-O-O Qd5 14. Bc4 Qxe5 15. Qd3 O-O 16. Nf3 Qa1+ 17. Kd2 Qxa2 18. Ng5 Rd8 19. Qxd8+ Nxd8 20. Rf1 Qa5+ 21. Kc1 Qxg5+ 22. Kb2 Nc6 0-1

[Event "Junior Online 4NCL Division 4"]
[Site "online"]
[Date "2021.04.15"]
[EventDate "2021.04.15"]
[Round "7.114"]
[White "Stehlin, Nathan"]
[WhiteElo "1337"]
[WhiteTeam "JHJ Shark Tank 5"]
[Black "Gardner, Zac"]
[BlackElo "1139"]
[BlackTeam "Barnet Knights E"]
[Result "1-0"]
[PlyCount "137"]

1. c4 e5 2. e3 Nf6 3. d4 exd4 4. exd4 d5 5. Nf3 Nc6 6. Nc3 Bb4 7. a3 Bxc3+ 8. bxc3 Bf5 9. Be2 O-O 10. O-O Nd7 11. cxd5 Ne7 12. d6 cxd6 13. Bf4 Nf6 14. Bd3 Nfd5 15. Bd2 Bg4 16. c4 Nc7 17. h3 Bd7 18. Re1 Nf5 19. Bxf5 Bxf5 20. Bg5 Qd7 21. Qd2 h6 22. Bf4 Bxh3 23. gxh3 Qxh3 24. Nh2 Ne6 25. Re3 Qh5 26. Bg3 Ng5 27. Qe2 Nh3+ 28. Kg2 Qxe2 29. Rxe2 Ng5 30. Rae1 Rac8 31. Re7 Rxc4 32. Rxb7 Rxd4 33. Rxa7 Rd8 34. Ree7 d5 35. Nf3 Rd1 36. Nxg5 hxg5 37. Rxf7 d4 38. Rxg7+ Kf8 39. Rad7 Rxd7 40. Rxd7 Ke8 41. Rd6 d3 42. a4 Ke7 43. a5 d2 44. a6 Ra1 45. Rxd2 Rxa6 46. Rd5 Rg6 47. Kh3 g4+ 48. Kh4 Ke6 49. Rd4 Kf5 50. Rd5+ Ke6 51. Rg5 Rxg5 52. Kxg5 Kd5 53. Kxg4 Ke6 54. Kg5 Kf7 55. Kf5 Kg7 56. Ke6 Kf8 57. Kf6 Ke8 58. Kg7 Ke7 59. f4 Ke6 60. Kf8 Kf6 61. Bh2 Kf5 62. Kg7 Ke6 63. Kg6 Ke7 64. f5 Kf8 65. Kf6 Ke8 66. Kg7 Ke7 67. f6+ Ke8 68. f7+ Ke7 69. f8=Q+ 1-0

[Event "Junior Online 4NCL Division 4"]
[Site "online"]
[Date "2021.04.15"]
[EventDate "2021.04.15"]
[Round "7.116"]
[White "Gold, Arthur"]
[WhiteElo "1176"]
[WhiteTeam "Barnet Knights E"]
[Black "Zhao, George"]
[BlackElo "1363"]
[BlackTeam "JHJ Shark Tank 5"]
[Result "0-1"]
[PlyCount "152"]

1. d4 e6 2. Bf4 b6 3. Nc3 Bb7 4. e3 Nf6 5. Nf3 Bb4 6. a3 Bxc3+ 7. bxc3 Nd5 8. Qd3 Nxf4 9. exf4 Ba6 10. Qe4 d5 11. Qe3 Bxf1 12. Rxf1 Nd7 13. Ng5 Qe7 14. f3 h6 15. Nh3 Qh4+ 16. Qf2 Qe7 17. Kd2 c5 18. Rfe1 O-O 19. f5 Qd6 20. fxe6 fxe6 21. g3 Nf6 22. Nf4 Rae8 23. Ng6 Rf7 24. Ne5 Rfe7 25. Ng6 Rc7 26. Re2 Kh7 27. Ne5 Rf8 28. Qe3 cxd4 29. Qxd4 Rfc8 30. Qd3+ Kg8 31. c4 Nd7 32. Ng4 Rxc4 33. Nxh6+ Kf8 34. Qg6 Rxc2+ 35. Kd1 Ne5 36. Qh7 Rxe2 37. Qg8+ Ke7 38. Qxg7+ Kd8 39. Qf6+ Kd7 40. Qg7+ Qe7 41. Qxe7+ Kxe7 42. Kxe2 Rc2+ 43. Ke3 Rxh2 44. Ng8+ Kf7 45. f4 Nc4+ 46. Kd4 Kxg8 47. a4 Rd2+ 48. Kc3 Kf7 49. Rf1 Rc2+ 50. Kd3 Rg2 51. Rf3 Nd2 52. Re3 Nf1 53. Rf3 Rxg3 54. Rxg3 Nxg3 55. Ke3 Nf5+ 56. Kd3 d4 57. Ke4 Kf6 58. Kd3 e5 59. Ke4 exf4 60. Kxf4 d3 61. Kf3 Ke5 62. a5 bxa5 63. Kg4 a4 64. Kg5 a3 65. Kg6 a2 66. Kh7 a1=Q 67. Kg8 d2 68. Kh8 d1=Q 69. Kg8 a5 70. Kf7 a4 71. Kg8 a3 72. Kh7 a2 73. Kg6 Qac1 74. Kf7 a1=Q 75. Kg8 Qa7 76. Kh8 Qc8# 0-1

[Event "Junior Online 4NCL Division 4"]
[Site "online"]
[Date "2021.04.15"]
[EventDate "2021.04.15"]
[Round "7.117"]
[White "Chen, George"]
[WhiteElo "1325"]
[WhiteTeam "JHJ Shark Tank 5"]
[Black "Vasudeva, Arya"]
[BlackElo "1165"]
[BlackTeam "Barnet Knights E"]
[Result "1-0"]
[PlyCount "109"]

1. e4 e5 2. Nf3 Nc6 3. Bc4 d6 4. d4 exd4 5. Nxd4 Nxd4 6. Qxd4 c5 7. Qd3 Be6 8. Bxe6 fxe6 9. Nc3 Nf6 10. Bg5 Be7 11. O-O O-O 12. Qh3 Qd7 13. Rad1 h6 14. Bf4 e5 15. Qxd7 Nxd7 16. Bg3 b6 17. Nd5 Bd8 18. f4 exf4 19. Bxf4 Re8 20. Rfe1 Nf6 21. Nc3 d5 22. exd5 Nxd5 23. Rxe8+ Kf7 24. Rxd8 Rxd8 25. Rxd5 Rxd5 26. Nxd5 Ke6 27. Nc3 a5 28. Na4 b5 29. Nxc5+ Kd5 30. Nb3 a4 31. Nd2 g5 32. Be3 Kc6 33. Kf2 Kd5 34. Kf3 Ke5 35. Kg4 Kf6 36. Kh5 Kg7 37. b3 a3 38. c4 bxc4 39. bxc4 Kf6 40. Kxh6 Ke5 41. c5 Kd5 42. Kxg5 Kc6 43. Kf5 Kd5 44. Nb3 Kc4 45. c6 Kd5 46. c7 Kd6 47. c8=Q Kd5 48. Qg8+ Kc6 49. h4 Kb5 50. h5 Kb4 51. h6 Ka4 52. h7 Kb4 53. h8=Q Kb5 54. Qb8+ Ka4 55. Qd4# 1-0

[Event "Junior Online 4NCL Division 4"]
[Site "online"]
[Date "2021.04.15"]
[EventDate "2021.04.15"]
[Round "7.118"]
[White "Gardner, Zac"]
[WhiteElo "1139"]
[WhiteTeam "Barnet Knights E"]
[Black "Stehlin, Nathan"]
[BlackElo "1337"]
[BlackTeam "JHJ Shark Tank 5"]
[Result "0-1"]
[PlyCount "64"]

1. e4 c5 2. Nf3 e6 3. Nc3 d5 4. exd5 exd5 5. d4 Nf6 6. Bf4 Nc6 7. Nb5 Qa5+ 8. c3 Kd7 9. Nc7 Rb8 10. Nxd5 Ra8 11. Nc7 Rb8 12. Na6 bxa6 13. Bxb8 Nxb8 14. Ne5+ Ke8 15. Nc4 Qc7 16. Nd2 cxd4 17. cxd4 Bb4 18. a3 Bxd2+ 19. Qxd2 Kd8 20. Bd3 Re8+ 21. Be2 Ne4 22. Qe3 Qa5+ 23. b4 Qf5 24. O-O Ng5 25. Qd3 Qf6 26. Bd1 Bf5 27. Qc4 Be6 28. Qc1 Nh3+ 29. gxh3 Qg6+ 30. Kh1 Bxh3 31. Rg1 Qxg1+ 32. Kxg1 Re1# 0-1

[Event "Junior Online 4NCL Division 4"]
[Site "online"]
[Date "2021.04.15"]
[EventDate "2021.04.15"]
[Round "7.121"]
[White "Bommi, Praneeth"]
[WhiteElo "1334"]
[WhiteTeam "Uxbridge Juniors Chargers"]
[Black "Rao, Shree"]
[BlackElo "1392"]
[BlackTeam "Maidenhead Juniors 2"]
[Result "0-1"]
[PlyCount "74"]

1. e3 e6 2. b3 d5 3. Bb2 Nf6 4. Nf3 Bd7 5. Ba3 Bxa3 6. Nxa3 c6 7. Ne5 Qc7 8. f4 Na6 9. Nxd7 Qxd7 10. Bxa6 bxa6 11. Qe2 Qb7 12. Nb1 O-O 13. Nc3 c5 14. Na4 c4 15. Nc5 Qc6 16. b4 a5 17. c3 axb4 18. cxb4 a5 19. O-O axb4 20. d4 Nd7 21. Nxd7 Qxd7 22. Rfb1 Rfb8 23. a3 b3 24. a4 Rxa4 25. Rxa4 Qxa4 26. Qb2 h6 27. Ra1 Qd7 28. Ra5 Qb7 29. Rc5 Ra8 30. h3 Ra2 31. Qc3 b2 32. Kh2 b1=Q 33. e4 Qxe4 34. Qg3 Qg6 35. Qxg6 fxg6 36. h4 Qb2 37. Kh3 Qxg2# 0-1

[Event "Junior Online 4NCL Division 4"]
[Site "online"]
[Date "2021.04.15"]
[EventDate "2021.04.15"]
[Round "7.122"]
[White "Nallaperumal, Kasi Veshagan"]
[WhiteElo "1390"]
[WhiteTeam "Maidenhead Juniors 2"]
[Black "Karthisamy, Prathik"]
[BlackElo "850"]
[BlackTeam "Uxbridge Juniors Chargers"]
[Result "1-0"]
[PlyCount "49"]

1. d4 d5 2. Bf4 Bd7 3. Nc3 a6 4. Nxd5 e5 5. Bxe5 Bd6 6. Bxg7 Ne7 7. Bxh8 Nxd5 8. Be5 Bxe5 9. dxe5 Nb6 10. Nf3 Nc6 11. e3 Qe7 12. Bd3 Nxe5 13. Nxe5 Qxe5 14. Bxh7 Qxb2 15. O-O O-O-O 16. Qf3 Qg7 17. Be4 c6 18. Rad1 Qh6 19. Qxf7 Qh4 20. Bf5 Bxf5 21. Qxf5+ Kc7 22. Qe5+ Kc8 23. Rxd8+ Qxd8 24. h3 Nc4 25. Qe6+ 1-0

[Event "Junior Online 4NCL Division 4"]
[Site "online"]
[Date "2021.04.15"]
[EventDate "2021.04.15"]
[Round "7.123"]
[White "Watson, Lewis"]
[WhiteElo "741"]
[WhiteTeam "Uxbridge Juniors Chargers"]
[Black "Nayak, Siddharth"]
[BlackElo "1338"]
[BlackTeam "Maidenhead Juniors 2"]
[Result "0-1"]
[PlyCount "52"]

1. e4 d6 2. Nc3 g6 3. d4 Nf6 4. e5 dxe5 5. dxe5 Qxd1+ 6. Nxd1 Ng4 7. Nc3 Bg7 8. Bf4 Nc6 9. Bb5 Bd7 10. Nf3 Ngxe5 11. Bxe5 Nxe5 12. Nxe5 Bxe5 13. Nd5 Rc8 14. c4 c6 15. O-O cxb5 16. cxb5 Bxb5 17. Rac1 Kd7 18. Rfd1 Bxb2 19. Rb1 Rc2 20. Nb4+ Rd2 21. Rxd2+ Ke8 22. Rbxb2 Kf8 23. Nd5 Kg7 24. Rxb5 Rc8 25. Nxe7 Rc1+ 26. Rd1 Rxd1# 0-1

[Event "Junior Online 4NCL Division 4"]
[Site "online"]
[Date "2021.04.15"]
[EventDate "2021.04.15"]
[Round "7.124"]
[White "Maheshwaran, Arya"]
[WhiteElo "1324"]
[WhiteTeam "Maidenhead Juniors 2"]
[Black "Tang, Kei Hon"]
[BlackElo "627"]
[BlackTeam "Uxbridge Juniors Chargers"]
[Result "1-0"]
[PlyCount "67"]

1. e4 Nf6 2. Nc3 e6 3. e5 Ng4 4. Nf3 d6 5. Ng1 dxe5 6. Qxg4 f5 7. Qd1 Nc6 8. d3 e4 9. Be2 exd3 10. cxd3 Bd6 11. Nf3 g6 12. Qd2 Qf6 13. Qg5 Qxg5 14. Bxg5 O-O 15. O-O Kg7 16. Be3 Nb4 17. Bd4+ Kf7 18. Ng5+ Kg8 19. Nf3 Nc2 20. Rac1 Nxd4 21. Nxd4 e5 22. Nf3 e4 23. dxe4 fxe4 24. Nxe4 Bf5 25. Nxd6 cxd6 26. Rfd1 Rac8 27. Rc3 Rxc3 28. bxc3 Bc2 29. Rc1 Be4 30. h3 h6 31. Rd1 d5 32. Rc1 g5 33. Nd4 h5 34. Bxh5 1-0

[Event "Junior Online 4NCL Division 4"]
[Site "online"]
[Date "2021.04.15"]
[EventDate "2021.04.15"]
[Round "7.125"]
[White "Rao, Shree"]
[WhiteElo "1392"]
[WhiteTeam "Maidenhead Juniors 2"]
[Black "Bommi, Praneeth"]
[BlackElo "1334"]
[BlackTeam "Uxbridge Juniors Chargers"]
[Result "1-0"]
[PlyCount "145"]

1. d4 e6 2. Bf4 b6 3. e3 Bb7 4. Nd2 Nf6 5. Ngf3 Nh5 6. Be5 Nc6 7. c3 Nxe5 8. Nxe5 g6 9. e4 Nf6 10. Bd3 d6 11. Nef3 d5 12. e5 Ne4 13. O-O Bh6 14. Bxe4 dxe4 15. Ne1 Qg5 16. f4 Qh5 17. Qxh5 gxh5 18. Nc2 Rg8 19. Rae1 O-O-O 20. Nxe4 f5 21. exf6 Rg4 22. g3 Ba6 23. Rf2 Bb7 24. h3 Rg6 25. f5 exf5 26. Rxf5 Bxe4 27. Rxe4 Rxg3+ 28. Kf2 Rxh3 29. Kg1 Rg8+ 30. Kf1 Rh1+ 31. Ke2 Rh2+ 32. Kd3 Rg3+ 33. Ne3 Rhh3 34. f7 Rf3 35. Rxf3 Rxf3 36. Re7 Kb7 37. b4 Bf8 38. Re5 Rxf7 39. Rxh5 h6 40. Ng4 Rf3+ 41. Kc4 Bg7 42. Nxh6 Bxh6 43. Rxh6 Rf2 44. a4 Rf5 45. Re6 a6 46. Re5 Rf6 47. d5 Rf4+ 48. Kb3 Rf6 49. Re6 Rf5 50. Kc4 Rf4+ 51. Kd3 Rf3+ 52. Re3 Rf6 53. c4 Rf5 54. Kd4 Rf4+ 55. Re4 Rf6 56. c5 bxc5+ 57. bxc5 Kc8 58. c6 Kd8 59. Kc5 Rd6 60. Re6 Rxe6 61. dxe6 Ke7 62. Kd5 a5 63. Ke5 Ke8 64. Kf6 Kd8 65. Kf7 Kc8 66. e7 Kb8 67. e8=Q+ Ka7 68. Ke6 Kb6 69. Kd5 Ka7 70. Qd7 Kb8 71. Kc5 Ka7 72. Qxc7+ Ka6 73. Qb7# 1-0

[Event "Junior Online 4NCL Division 4"]
[Site "online"]
[Date "2021.04.15"]
[EventDate "2021.04.15"]
[Round "7.126"]
[White "Karthisamy, Prathik"]
[WhiteElo "850"]
[WhiteTeam "Uxbridge Juniors Chargers"]
[Black "Nallaperumal, Kasi Veshagan"]
[BlackElo "1390"]
[BlackTeam "Maidenhead Juniors 2"]
[Result "0-1"]
[PlyCount "112"]

1. e4 e5 2. Nf3 Nf6 3. Nc3 Bc5 4. Be2 Nc6 5. O-O d6 6. d3 O-O 7. Bg5 h6 8. Bh4 Bg4 9. Nd5 Bxf3 10. Bxf3 Bd4 11. c3 Bb6 12. Nxf6+ gxf6 13. Qd2 Kg7 14. Bg4 Ne7 15. Bh5 Rh8 16. Kh1 Ng6 17. Bg3 Kf8 18. f4 exf4 19. Bxf4 Nxf4 20. Qxf4 Qe7 21. d4 Rd8 22. Qf3 c6 23. e5 dxe5 24. dxe5 Qxe5 25. Qxf6 Qxf6 26. Rxf6 Rd2 27. Rxf7+ Kg8 28. Raf1 Bc5 29. Rxb7 Rf2 30. Rxf2 Bxf2 31. Bf7+ Kg7 32. Bd5+ Kf6 33. Rf7+ Ke5 34. Rxf2 Kxd5 35. h3 Re8 36. Rd2+ Kc5 37. Rf2 Rb8 38. b4+ Kc4 39. Rf6 Kxc3 40. Rxc6+ Kxb4 41. Rxh6 Ka3 42. Ra6+ Kb2 43. Rxa7 Kc3 44. Ra3+ Kd2 45. Rb3 Re8 46. Kh2 Ke2 47. h4 Kf2 48. h5 Rh8 49. Rh3 Rg8 50. Rf3+ Ke2 51. h6 Rh8 52. Rh3 Kf2 53. h7 Kf1 54. a4 Kf2 55. a5 Ke2 56. a6 Kf2 0-1

[Event "Junior Online 4NCL Division 4"]
[Site "online"]
[Date "2021.04.15"]
[EventDate "2021.04.15"]
[Round "7.127"]
[White "Nayak, Siddharth"]
[WhiteElo "1338"]
[WhiteTeam "Maidenhead Juniors 2"]
[Black "Watson, Lewis"]
[BlackElo "741"]
[BlackTeam "Uxbridge Juniors Chargers"]
[Result "1-0"]
[PlyCount "43"]

1. e3 Nf6 2. b3 d5 3. d4 Bg4 4. Be2 Bxe2 5. Nxe2 c5 6. dxc5 Na6 7. Ba3 Qc7 8. b4 b6 9. Nf4 bxc5 10. Nxd5 Nxd5 11. Qxd5 Rb8 12. bxc5 e6 13. Qc4 Bxc5 14. Qxa6 Rb6 15. Qc4 O-O 16. Bxc5 Rb7 17. Na3 Qa5+ 18. c3 Rc8 19. Qd4 Rxc5 20. Rd1 Rxc3 21. Qd8+ Qxd8 22. Rxd8# 1-0

[Event "Junior Online 4NCL Division 4"]
[Site "online"]
[Date "2021.04.15"]
[EventDate "2021.04.15"]
[Round "7.128"]
[White "Tang, Kei Hon"]
[WhiteElo "627"]
[WhiteTeam "Uxbridge Juniors Chargers"]
[Black "Maheshwaran, Arya"]
[BlackElo "1324"]
[BlackTeam "Maidenhead Juniors 2"]
[Result "0-1"]
[PlyCount "60"]

1. Nf3 c5 2. Nc3 e6 3. e3 Nf6 4. d4 cxd4 5. exd4 Nc6 6. d5 exd5 7. Nxd5 Nxd5 8. Qxd5 Be7 9. Ng5 Bxg5 10. Bxg5 Qa5+ 11. Qd2 O-O 12. O-O-O Qxa2 13. c3 Qe6 14. b3 Qxb3 15. Re1 a5 16. Qb2 Qxb2+ 17. Kxb2 d5 18. Rd1 Be6 19. Bb5 Rac8 20. Rde1 d4 21. Rd1 dxc3+ 22. Kxc3 Na7+ 23. Bc4 Bxc4 24. Rhe1 Be2+ 25. Kd2 Bxd1 26. Kxd1 Nc6 27. f4 Ra8 28. h4 a4 29. Kc1 a3 30. Re2 Rfe8 0-1

[Event "Junior Online 4NCL Division 4"]
[Site "online"]
[Date "2021.04.15"]
[EventDate "2021.04.15"]
[Round "7.131"]
[White "Bengani, Arihant"]
[WhiteElo "1105"]
[WhiteTeam "Edgware Gambits G"]
[Black "Litvin, Theo"]
[BlackElo "1099"]
[BlackTeam "The Hall 3"]
[Result "0-1"]
[PlyCount "24"]

1. e4 e5 2. Nf3 Nf6 3. Nxe5 Nc6 4. Nxc6 dxc6 5. Nc3 Bc5 6. Bc4 Ng4 7. O-O Qh4 8. h3 Bxf2+ 9. Kh1 Qg3 10. Qxg4 Bxg4 11. d4 Bxh3 12. gxh3 Qxh3# 0-1

[Event "Junior Online 4NCL Division 4"]
[Site "online"]
[Date "2021.04.15"]
[EventDate "2021.04.15"]
[Round "7.132"]
[White "Payne, Luca"]
[WhiteElo "1032"]
[WhiteTeam "The Hall 3"]
[Black "Tager, Maya"]
[BlackElo "1037"]
[BlackTeam "Edgware Gambits G"]
[Result "1-0"]
[PlyCount "31"]

1. d4 d5 2. c4 c6 3. Nc3 Nf6 4. Nf3 g6 5. Bg5 Bg7 6. e3 O-O 7. Bd3 h6 8. Bh4 g5 9. Nxg5 hxg5 10. Bxg5 Nh7 11. h4 f6 12. Qh5 Nxg5 13. hxg5 fxg5 14. Bh7+ Kh8 15. Bg6+ Kg8 16. Qh7# 1-0

[Event "Junior Online 4NCL Division 4"]
[Site "online"]
[Date "2021.04.15"]
[EventDate "2021.04.15"]
[Round "7.133"]
[White "Dhaliwal, Simrun Kaur"]
[WhiteElo "1028"]
[WhiteTeam "Edgware Gambits G"]
[Black "Kohli, Aryan"]
[BlackElo "1083"]
[BlackTeam "The Hall 3"]
[Result "0-1"]
[PlyCount "100"]

1. e4 c5 2. Nc3 d6 3. Nf3 e6 4. Bb5+ Bd7 5. Bxd7+ Qxd7 6. O-O Nc6 7. d3 Nf6 8. Bf4 Be7 9. a3 O-O 10. Re1 Ng4 11. Ng5 e5 12. Bd2 Bxg5 13. Bxg5 h6 14. Bh4 f5 15. f3 Nf6 16. exf5 Qxf5 17. Nb5 Nd5 18. Nxd6 Qf4 19. Bg3 Qd4+ 20. Bf2 Qxb2 21. Bxc5 Nc3 22. Qc1 Qxc1 23. Raxc1 b6 24. Bf2 Nd4 25. Bxd4 exd4 26. Ne4 Nd5 27. c4 Ne3 28. Ng3 Rf6 29. Nf1 Nxf1 30. Kxf1 Rf4 31. Re4 Rf5 32. Rce1 Kf7 33. Re7+ Kf8 34. R1e6 Ra5 35. Re5 Rxa3 36. Re4 Rxd3 37. R4e6 Rc3 38. Re4 Rc2 39. R7e5 Rxc4 40. Rd5 Kf7 41. Rdxd4 Rxd4 42. Rxd4 a5 43. Rd7+ Ke6 44. Rxg7 a4 45. Rg6+ Kd5 46. Rxb6 a3 47. Rb1 Kc4 48. Ra1 a2 49. Ke1 Kb3 50. Kd1 Kb2 0-1

[Event "Junior Online 4NCL Division 4"]
[Site "online"]
[Date "2021.04.15"]
[EventDate "2021.04.15"]
[Round "7.135"]
[White "Litvin, Theo"]
[WhiteElo "1099"]
[WhiteTeam "The Hall 3"]
[Black "Bengani, Arihant"]
[BlackElo "1105"]
[BlackTeam "Edgware Gambits G"]
[Result "1-0"]
[PlyCount "27"]

1. e4 e5 2. Nf3 Nc6 3. Bc4 Bc5 4. Nc3 Nf6 5. d3 O-O 6. Bg5 h6 7. Bh4 d6 8. Nd5 g5 9. Nxg5 hxg5 10. Bxg5 Qd7 11. Nxf6+ Kg7 12. Nxd7 Bxd7 13. Qh5 Kg8 14. Bf6 1-0

[Event "Junior Online 4NCL Division 4"]
[Site "online"]
[Date "2021.04.15"]
[EventDate "2021.04.15"]
[Round "7.136"]
[White "Tager, Maya"]
[WhiteElo "1037"]
[WhiteTeam "Edgware Gambits G"]
[Black "Payne, Luca"]
[BlackElo "1032"]
[BlackTeam "The Hall 3"]
[Result "0-1"]
[PlyCount "50"]

1. e4 e5 2. Nf3 Nf6 3. Nxe5 Nc6 4. Nxc6 dxc6 5. Nc3 Bc5 6. Be2 h5 7. d4 Bxd4 8. Bd2 Bxc3 9. Bxc3 Qxd1+ 10. Rxd1 Nxe4 11. Bxg7 Rg8 12. Be5 Rxg2 13. Bf3 Nxf2 14. Bxg2 Nxd1 15. Kxd1 Be6 16. b3 O-O-O+ 17. Ke1 Re8 18. Bb2 Bxb3+ 19. Kd2 Bxa2 20. Bf3 h4 21. Bg4+ Kb8 22. Rf1 Bc4 23. Ra1 b6 24. Bf3 Kb7 25. Ra2 Bxa2 0-1

[Event "Junior Online 4NCL Division 4"]
[Site "online"]
[Date "2021.04.15"]
[EventDate "2021.04.15"]
[Round "7.137"]
[White "Kohli, Aryan"]
[WhiteElo "1083"]
[WhiteTeam "The Hall 3"]
[Black "Dhaliwal, Simrun Kaur"]
[BlackElo "1028"]
[BlackTeam "Edgware Gambits G"]
[Result "1-0"]
[PlyCount "29"]

1. d4 d5 2. Bf4 Nc6 3. e3 Nf6 4. c3 Bf5 5. Bd3 e6 6. Bxf5 exf5 7. Qd3 Bd6 8. Bg3 O-O 9. Qxf5 h6 10. Nf3 Bxg3 11. hxg3 Re8 12. g4 g6 13. Qf4 Re4 14. Qxh6 Nxg4 15. Qh8# 1-0

[Event "Junior Online 4NCL Division 4"]
[Site "online"]
[Date "2021.04.15"]
[EventDate "2021.04.15"]
[Round "7.141"]
[White "Weisfeld, Raphael"]
[WhiteElo "1030"]
[WhiteTeam "Tetherdown Knights"]
[Black "Toth, Nandor"]
[BlackElo "1264"]
[BlackTeam "St James Primary"]
[Result "0-1"]
[PlyCount "32"]

1. e4 e5 2. Nf3 Nc6 3. Bc4 Bc5 4. O-O Nf6 5. Nc3 d6 6. h3 h6 7. d3 g5 8. a3 g4 9. hxg4 Bxg4 10. Qd2 Bxf3 11. gxf3 Qd7 12. Nd5 Nxd5 13. exd5 Nd4 14. Qd1 Qh3 15. Re1 Rg8+ 16. Bg5 Rxg5# 0-1

[Event "Junior Online 4NCL Division 4"]
[Site "online"]
[Date "2021.04.15"]
[EventDate "2021.04.15"]
[Round "7.142"]
[White "Crichton, Finlay"]
[WhiteElo "1116"]
[WhiteTeam "St James Primary"]
[Black "Thorburn, Rory"]
[BlackElo "993"]
[BlackTeam "Tetherdown Knights"]
[Result "0-1"]
[PlyCount "78"]

1. e4 e5 2. Nf3 Nc6 3. Nc3 Nf6 4. Bc4 Bc5 5. d3 h6 6. Bd2 d6 7. h3 O-O 8. g4 Be6 9. Bb3 Na5 10. Bxe6 fxe6 11. Rg1 Nc6 12. h4 Nh7 13. g5 hxg5 14. hxg5 g6 15. Qe2 Nd4 16. Nxd4 exd4 17. Nb5 a6 18. Na3 d5 19. f4 dxe4 20. dxe4 d3 21. Qh2 Bxg1 22. Qxg1 dxc2 23. Nxc2 Qe8 24. O-O-O Qc6 25. Qh2 Rad8 26. Rh1 Rf7 27. f5 exf5 28. exf5 Kf8 29. fxg6 Qxg6 30. Bb4+ Ke8 31. Qe5+ Kd7 32. Rd1+ Kc8 33. Rxd8+ Kxd8 34. Be7+ Rxe7 35. Qh8+ Qe8 36. Qd4+ Rd7 37. Qh4 Qg6 38. Qf4 Qxg5 39. Qxg5+ Nxg5 0-1

[Event "Junior Online 4NCL Division 4"]
[Site "online"]
[Date "2021.04.15"]
[EventDate "2021.04.15"]
[Round "7.143"]
[White "Murphy, Sam"]
[WhiteElo "910"]
[WhiteTeam "Tetherdown Knights"]
[Black "Harle Smith, Joseph"]
[BlackElo "1032"]
[BlackTeam "St James Primary"]
[Result "1-0"]
[PlyCount "105"]

1. d4 Nf6 2. c4 d5 3. Nc3 dxc4 4. e4 e6 5. e5 Nd5 6. Bxc4 Nb6 7. Bd3 Nc6 8. Bb5 Bd7 9. Nf3 Bb4 10. Bd2 Bxc3 11. Bxc3 Ne7 12. Bxd7+ Qxd7 13. O-O O-O 14. Qd3 Ned5 15. Ng5 g6 16. Qh3 h5 17. g4 Nf4 18. Qg3 Nbd5 19. gxh5 Nxh5 20. Qg4 f6 21. Nxe6 Rfe8 22. Qxg6+ Ng7 23. Nxg7 Qxg7 24. Qxg7+ Kxg7 25. Kh1 fxe5 26. Rg1+ Kf6 27. dxe5+ Ke6 28. Rg6+ Kf5 29. Rf6+ Nxf6 30. exf6 Rf8 31. Re1 Rae8 32. Rd1 Rg8 33. Rd5+ Ke6 34. Re5+ Kxf6 35. Rxe8+ Kf7 36. Rxg8 Kxg8 37. h4 Kh7 38. Kg2 Kh6 39. Kg3 Kh5 40. f4 Kh6 41. Kg4 Kg6 42. h5+ Kh6 43. f5 Kh7 44. Kg5 Kg8 45. f6 Kf7 46. h6 Kg8 47. Kg6 Kf8 48. h7 Ke8 49. h8=Q+ Kd7 50. f7 Ke7 51. f8=Q+ Kd7 52. Qe8+ Kd6 53. Qhe5# 1-0

[Event "Junior Online 4NCL Division 4"]
[Site "online"]
[Date "2021.04.15"]
[EventDate "2021.04.15"]
[Round "7.144"]
[White "Tang, Ismini"]
[WhiteElo "866"]
[WhiteTeam "St James Primary"]
[Black "Cartwright, Ethan"]
[BlackElo "956"]
[BlackTeam "Tetherdown Knights"]
[Result "0-1"]
[PlyCount "66"]

1. d4 d5 2. c4 e6 3. Nf3 Nf6 4. Nc3 Bb4 5. Bf4 Nc6 6. cxd5 exd5 7. e3 Ne4 8. a3 Nxc3 9. Qd2 Ne4 10. Qxb4 Nxb4 11. axb4 O-O 12. Bd3 Bf5 13. O-O c6 14. Ne5 Nd2 15. Bxf5 Nxf1 16. Kxf1 f6 17. Ng4 b5 18. Ra6 Rf7 19. Be6 Qe7 20. Bxf7+ Qxf7 21. Rxc6 Qd7 22. Rd6 Qxg4 23. f3 Qf5 24. g4 Qb1+ 25. Kg2 Qxb2+ 26. Kg3 Qxb4 27. Rxd5 Qe1+ 28. Kh3 Qf1+ 29. Kg3 Qg1+ 30. Kh3 Qf2 31. Rd7 Qxf3+ 32. Kh4 g5+ 33. Kh5 Qh3# 0-1

[Event "Junior Online 4NCL Division 4"]
[Site "online"]
[Date "2021.04.15"]
[EventDate "2021.04.15"]
[Round "7.145"]
[White "Toth, Nandor"]
[WhiteElo "1264"]
[WhiteTeam "St James Primary"]
[Black "Weisfeld, Raphael"]
[BlackElo "1030"]
[BlackTeam "Tetherdown Knights"]
[Result "1-0"]
[PlyCount "45"]

1. e4 e5 2. Nf3 Nc6 3. Nc3 Nf6 4. Bb5 d6 5. d4 exd4 6. Nxd4 Bd7 7. Nxc6 Bxc6 8. Bxc6+ bxc6 9. O-O d5 10. exd5 cxd5 11. Bg5 c6 12. Re1+ Be7 13. Bxf6 gxf6 14. Qf3 O-O 15. Re3 Bc5 16. Qg4+ Kh8 17. Rh3 Rg8 18. Qh4 Kg7 19. Qxh7+ Kf8 20. Re1 Qd7 21. Qh6+ Rg7 22. Rg3 Qf5 23. Qxg7# 1-0

[Event "Junior Online 4NCL Division 4"]
[Site "online"]
[Date "2021.04.15"]
[EventDate "2021.04.15"]
[Round "7.146"]
[White "Thorburn, Rory"]
[WhiteElo "993"]
[WhiteTeam "Tetherdown Knights"]
[Black "Crichton, Finlay"]
[BlackElo "1116"]
[BlackTeam "St James Primary"]
[Result "1-0"]
[PlyCount "35"]

1. e4 e5 2. Nf3 Nc6 3. Nc3 Nf6 4. Bc4 Nxe4 5. Nxe4 d5 6. Bb5 dxe4 7. Bxc6+ bxc6 8. Nxe5 Qf6 9. Ng4 Bxg4 10. Qxg4 Qe5 11. c3 f5 12. Qg3 f4 13. Qh3 Bc5 14. O-O Bd6 15. Re1 f3 16. gxf3 exf3 17. Rxe5+ Bxe5 18. d4 1-0

[Event "Junior Online 4NCL Division 4"]
[Site "online"]
[Date "2021.04.15"]
[EventDate "2021.04.15"]
[Round "7.147"]
[White "Harle Smith, Joseph"]
[WhiteElo "1032"]
[WhiteTeam "St James Primary"]
[Black "Murphy, Sam"]
[BlackElo "910"]
[BlackTeam "Tetherdown Knights"]
[Result "0-1"]
[PlyCount "48"]

1. e4 e5 2. Nf3 Nc6 3. Nc3 Nf6 4. Bc4 Bc5 5. O-O O-O 6. d3 d6 7. Nd5 Nxd5 8. exd5 Ne7 9. Bg5 Bg4 10. h3 Bh5 11. Bxe7 Qxe7 12. g4 Bg6 13. Nh4 Qxh4 14. Qf3 f5 15. gxf5 Rxf5 16. Qg2 Rg5 17. Qxg5 Qxg5+ 18. Kh1 Qh4 19. d4 Be4+ 20. Kh2 Qf4+ 21. Kg1 Bxd4 22. Be2 Bxf2+ 23. Rxf2 Qg3+ 24. Rg2 Qxg2# 0-1